Vita et Doctrina D.N. Jesu Christi (Registro nro. 87350)

Detalles MARC
000 -ENCABEZADO
Número de control [NR] 00682nam a22002057a 4500
008 - DE LONGITUD FIJA DE DATOS DE ELEMENTOS - INFORMACIÓN GENERAL
Elementos de longitud fija [NR] 130821s1944 it gr dfre
040 ## - FUENTE DE CATALOGACION [NR]
Agencia de catalogación original [NR] Co-BoUCM
Idioma de catalogación [NR] spa
041 00 - CODIGO DE IDIOMA [R]
Código de idioma para texto/pista de sonido o título separado [R] Francés
100 ## - ASIENTO PRINCIPAL--NOMBRE PERSONAL [NR]
Nombre personal [NR] Avancinus, Nicolaus, S.J.
ID Autoridad 150423
245 00 - MENCION DE TITULO [NR]
Título [NR] Vita et Doctrina D.N. Jesu Christi
Mención de responsabilidad, etc. [NR] Nicolaus Avancinus
250 ## - MENCION DE EDICION [NR]
Mención de edición [NR] 14.ed.
260 ## - PUBLICACION, DISTRIBUCION, ETC. (PIE DE IMPRENTA) [R]
Lugar de publicación, distribución, etc. [R] Turín (Italia)
Nombre del editor, distribuidor, etc. [R] Domus Editorialis Marietti
Fecha de publicación, distribución, etc. [R] 1944
300 ## - DESCRIPCION FISICA [R]
Extensión [R] 482 páginas
600 ## - ASIENTO SECUNDARIO DE MATERIA - NOMBRE PERSONAL [R]
Nombre personal [NR] Jesucristo
9 (RLIN) 1986
600 ## - ASIENTO SECUNDARIO DE MATERIA - NOMBRE PERSONAL [R]
Nombre personal [NR] Jesucristo
Subdivisión de forma [R] Biografías
9 (RLIN) 1987
650 04 - ASIENTO SECUNDARIO DE MATERIA - TERMINO TEMATICO [R]
Término temático o nombre geográfico como elemento de entrada [NR] Biografías
9 (RLIN) 7343
650 04 - ASIENTO SECUNDARIO DE MATERIA - TERMINO TEMATICO [R]
Término temático o nombre geográfico como elemento de entrada [NR] Literatura cristiana primitiva
9 (RLIN) 18635
942 ## - ELEMENTOS DE ENTRADA AGREGADOS (KOHA)
Tipo de ítem principal el descrito en 300a Libro
Tema principal Religión
Edición 1
Parte restante de la signatura top. A81
Título oculto en OPAC No
Sistema de clasificación DEWEY
Clasificación 232.96
Existencias
Signatura topográfica Código de barras Última vez visto Volúmen / Fascículo Ejemplar Price effective from Tipo de ítem Perdido Sistema de clasificación Dañado No prestable Tipo de ítem específico Suprimido Ubicación habitual Ubicación actual Localización Fecha de creación Forma de adquisición Costo
FCS 232.96 A81 120000078 05/07/2012 14A.ED. 1944 Ej.1 03/02/2013 Libro   DEWEY     Fondos especiales     Archivo Histórico Archivo histórico 28/02/2003 Donación 1000.00